[Event "Villa Ballester op 72nd"]
[Site "Villa Ballester"]
[Date "2023.01.20"]
[Round "2"]
[White "Sardi, Mariano"]
[Black "Diaz, Diego Patricio"]
[Result "0-1"]
[WhiteElo "1878"]
[BlackElo "2075"]
[PlyCount "74"]
[EventDate "2023.01.18"]
[EventType "swiss"]
[EventRounds "9"]
[EventCountry "ARG"]
[SourceTitle "EXT 2024"]
[Source "ChessBase"]
[SourceDate "2023.10.10"]
[SourceVersion "1"]
[SourceVersionDate "2023.10.10"]
[SourceQuality "1"]

1. e4 c5 2. Nc3 Nc6 3. g3 g6 4. Bg2 Bg7 5. d3 e6 6. f4 d6 7. Nf3 Nge7 8. 0-0 0-0 9. Be3 Nd4 10. Qd2 Bd7 11. Nh4 f5 12. Rae1 Rb8 13. Nd1 b6 14. Bf2 fxe4 15. dxe4 Bb5 16. c3 Bxf1 17. Bxf1 Ndc6 18. Bh3 Qd7 19. Ne3 Kh8 20. Nf3 h6 21. Nd5 Rbe8 22. Nh4 Bf6 23. Nxf6 Rxf6 24. e5 Rf7 25. exd6 Rf6 26. Nf3 Nf5 27. Ne5 Nxe5 28. fxe5 Rf7 29. g4 Ne7 30. Bg2 Kg7 31. Be3 Ng8 32. Be4 Ref8 33. Qg2 Qb5 34. h4 Qc4 35. Rd1 Qxa2 36. Qe2 Rd8 37. h5 Rfd7 0-1

[Event "Vicente Lopez ProAm 100 Years op"]
[Site "Buenos Aires"]
[Date "2022.10.11"]
[Round "1"]
[White "Sardi, Mariano"]
[Black "Fiorito, Fabian"]
[Result "0-1"]
[WhiteElo "1866"]
[BlackElo "2347"]
[PlyCount "84"]
[EventDate "2022.10.11"]
[EventType "swiss"]
[EventRounds "9"]
[EventCountry "ARG"]
[SourceTitle "CBM 210 Extra"]
[Source "ChessBase"]
[SourceDate "2022.11.30"]
[SourceVersion "1"]
[SourceVersionDate "2022.11.30"]
[SourceQuality "1"]

1. d4 g6 2. e4 Bg7 3. Nc3 d6 4. Bf4 a6 5. Qd2 b5 6. 0-0-0 c6 7. h4 h5 8. Nh3 Bxh3 9. Rxh3 Nd7 10. e5 d5 11. e6 fxe6 12. Qd3 Nf8 13. Qg3 Qb6 14. Bc7 Qa7 15. Bd3 Kd7 16. Be5 Nf6 17. Kb1 Rg8 18. f3 Rc8 19. Rhh1 c5 20. dxc5 Qxc5 21. Rhe1 Bh8 22. Bd4 Qc7 23. Qf2 Ke8 24. Qd2 Qg3 25. a3 N6d7 26. Bxh8 Rxh8 27. Qe3 Qxh4 28. Qa7 Nc5 29. Bxb5+ axb5 30. Nxb5 Nfd7 31. Nc7+ Kf7 32. Nxe6 Nxe6 33. Qxd7 Nc7 34. g3 Qf6 35. f4 Rhd8 36. Qa4 Ra8 37. Qd4 Nb5 38. Qxf6+ Kxf6 39. Rd3 e6 40. Rb3 Rab8 41. Rbe3 Re8 42. Rd1 Nd6 0-1

[Event "ARG-chT"]
[Site "Villa Martelli"]
[Date "2022.08.27"]
[Round "2.7"]
[White "Sasson, Maximiliano"]
[Black "Sardi, Mariano"]
[Result "1/2-1/2"]
[WhiteElo "2130"]
[BlackElo "1853"]
[PlyCount "83"]
[EventDate "2022.08.26"]
[EventType "team-swiss"]
[EventRounds "8"]
[EventCountry "ARG"]
[SourceTitle "EXT 2023"]
[Source "ChessBase"]
[SourceDate "2022.10.05"]
[SourceVersion "1"]
[SourceVersionDate "2022.10.05"]
[SourceQuality "1"]
[WhiteTeam "Ajedrez del Sur"]
[BlackTeam "Boca Juniors"]
[WhiteTeamCountry "ARG"]
[BlackTeamCountry "ARG"]

1. e4 c5 2. Nf3 Nc6 3. d4 cxd4 4. Nxd4 e5 5. Nb5 a6 6. Nd6+ Bxd6 7. Qxd6 Qf6 8. Qd1 Qg6 9. Nc3 Nge7 10. h4 h5 11. Bg5 d5 12. Bxe7 Nxe7 13. exd5 Bf5 14. Qf3 Rd8 15. Be2 e4 16. Qf4 Qd6 17. Qxd6 Rxd6 18. 0-0-0 b5 19. Rd4 0-0 20. Rhd1 Rfd8 21. Nxe4 Rxd5 22. Rxd5 Rxd5 23. Ng3 Bg4 24. f3 Be6 25. Ne4 Nf5 26. g3 Nd4 27. Rd2 f6 28. Kd1 Nxe2 29. Kxe2 Re5 30. Rd8+ Kf7 31. Ke3 Ke7 32. Ra8 f5 33. Ra7+ Bd7 34. Rxa6 fxe4 35. fxe4 Re6 36. Ra7 Kd6 37. Kf4 Bc6 38. Rxg7 Rxe4+ 39. Kf5 Re5+ 40. Kf4 Re4+ 41. Kf5 Re5+ 42. Kf4 1/2-1/2

[Event "ARG-ch Amateur U2000"]
[Site "San Martin"]
[Date "2019.11.16"]
[Round "3.8"]
[White "Sardi, Mariano"]
[Black "Plazaola, Sebastian"]
[Result "1-0"]
[WhiteElo "1964"]
[BlackElo "1864"]
[PlyCount "81"]
[EventDate "2019.11.15"]
[EventType "swiss"]
[EventRounds "8"]
[EventCountry "ARG"]
[SourceTitle "EXT 2024"]
[Source "ChessBase"]
[SourceDate "2023.10.10"]
[SourceVersion "1"]
[SourceVersionDate "2023.10.10"]
[SourceQuality "1"]

1. d4 Nf6 2. Bg5 c5 3. d5 d6 4. Nc3 e5 5. e4 Be7 6. f4 Ng4 7. Bb5+ Kf8 8. Nf3 a6 9. Bd3 Bxg5 10. fxg5 Qb6 11. Qd2 c4 12. Bxc4 Qe3+ 13. Qe2 h6 14. h3 hxg5 15. Rf1 Qxe2+ 16. Kxe2 Nf6 17. Nxg5 b5 18. Bd3 Rh5 19. Nf3 Nbd7 20. Kd2 Nc5 21. b4 Ncd7 22. a4 bxa4 23. Rxa4 Nb6 24. Ra5 Ke7 25. Rfa1 Nxe4+ 26. Nxe4 f5 27. Ng3 Rh8 28. Bxa6 Kf6 29. Be2 Rb8 30. c4 e4 31. Nd4 Rf8 32. Ke3 g5 33. Ngxf5 Bxf5 34. Rf1 Nxc4+ 35. Bxc4 Rxb4 36. Rxf5+ Kg6 37. Be2 Rxd4 38. Rxg5+ Kxg5 39. Kxd4 Kf4 40. Ra3 e3 41. g3+ 1-0

[Event "ARG-ch U2000"]
[Site "Tacuari"]
[Date "2018.11.18"]
[Round "5"]
[White "Sardi, Mariano"]
[Black "Tamayo, Jose Luis"]
[Result "1-0"]
[WhiteElo "1934"]
[BlackElo "1856"]
[PlyCount "83"]
[EventDate "2018.11.16"]
[EventType "swiss"]
[EventRounds "8"]
[EventCountry "ARG"]
[SourceTitle "EXT 2020"]
[Source "ChessBase"]
[SourceDate "2019.10.17"]
[SourceVersion "1"]
[SourceVersionDate "2019.10.17"]
[SourceQuality "1"]

1. e4 e5 2. Nf3 Nc6 3. Bb5 a6 4. Bxc6 dxc6 5. 0-0 f6 6. d4 exd4 7. Nxd4 c5 8. Ne2 Qxd1 9. Rxd1 Bd7 10. Nbc3 0-0-0 11. Be3 Bd6 12. Bf4 Bxf4 13. Nxf4 Ne7 14. f3 h5 15. Ncd5 Nxd5 16. Nxd5 Rde8 17. Rd2 Bc6 18. Rad1 b6 19. Kf2 Kb7 20. c4 a5 21. h4 Rhf8 22. Ne3 g5 23. hxg5 fxg5 24. Ke2 h4 25. Rh1 Rf4 26. Nd5 Rf7 27. Ke3 Rh8 28. Rf2 Bd7 29. f4 c6 30. Nc3 g4 31. f5 h3 32. gxh3 Rxh3+ 33. Rxh3 gxh3 34. Rh2 Bxf5 35. exf5 Rxf5 36. Rxh3 b5 37. cxb5 cxb5 38. Nxb5 c4 39. Nc3 Kc6 40. Kd4 Rf2 41. Rh6+ Kb7 42. Na4 1-0

[Event "ARG-ch U2000"]
[Site "Tacuari"]
[Date "2018.11.17"]
[Round "3"]
[White "Soto, Carlos Dario"]
[Black "Sardi, Mariano"]
[Result "1/2-1/2"]
[WhiteElo "1861"]
[BlackElo "1934"]
[PlyCount "44"]
[EventDate "2018.11.16"]
[EventType "swiss"]
[EventRounds "8"]
[EventCountry "ARG"]
[SourceTitle "EXT 2020"]
[Source "ChessBase"]
[SourceDate "2019.10.17"]
[SourceVersion "1"]
[SourceVersionDate "2019.10.17"]
[SourceQuality "1"]

1. d4 Nf6 2. Bg5 g6 3. Bxf6 exf6 4. h4 d5 5. h5 c5 6. e3 Nc6 7. Nf3 cxd4 8. Nxd4 Bc5 9. c3 0-0 10. Nb3 Bb6 11. N1d2 Re8 12. Nf3 Bg4 13. hxg6 fxg6 14. Bb5 a6 15. Ba4 Qd6 16. Qd2 Bxf3 17. gxf3 Bxe3 18. fxe3 Qg3+ 19. Ke2 Qg2+ 20. Kd3 Qxf3 21. Bxc6 Qe4+ 22. Ke2 Qg2+ 1/2-1/2

[Event "Buenos Aires sf U2200 CARP"]
[Site "Buenos Aires"]
[Date "2018.10.20"]
[Round "3.2"]
[White "Carraro, Denise"]
[Black "Sardi, Mariano"]
[Result "1-0"]
[WhiteElo "2083"]
[BlackElo "1948"]
[PlyCount "72"]
[EventDate "2018.10.20"]
[EventType "swiss"]
[EventRounds "6"]
[EventCountry "ARG"]
[SourceTitle "EXT 2024"]
[Source "ChessBase"]
[SourceDate "2023.10.10"]
[SourceVersion "1"]
[SourceVersionDate "2023.10.10"]
[SourceQuality "1"]

1. e4 c5 2. Nf3 Nc6 3. Nc3 g6 4. d4 cxd4 5. Nxd4 Bg7 6. Be3 d6 7. Qd2 Nf6 8. f3 0-0 9. g4 Nxd4 10. Bxd4 Be6 11. h4 Qa5 12. h5 Rfc8 13. h6 Bh8 14. Ne2 Qxd2+ 15. Kxd2 d5 16. g5 Nd7 17. Bxh8 Kxh8 18. Nd4 Nf8 19. e5 Bf5 20. Bd3 Bxd3 21. cxd3 Ne6 22. Nxe6 fxe6 23. Rac1 Kg8 24. Ke3 Kf8 25. Rc3 Ke8 26. Rh4 Rxc3 27. bxc3 Rc8 28. Rb4 Rc7 29. Kd4 Kd7 30. Rb5 a6 31. Rb4 Kc6 32. a4 b6 33. Ke3 Rc8 34. Rf4 Kd7 35. Rf7 Rh8 36. Kd4 Ke8 1-0